Nemčina pre 3. ročník jazykových škôl a pre kurzy

Guardado en:
Detalles Bibliográficos
Autores principales: Vaverková, Irena (Autor), Kegel, Rudolf (Autor), Beták, Rudolf (Autor)
Formato: Libro
Lenguaje:alemán
eslovaco
Publicado: Bratislava : Slovenské pedagogické nakladateľstvo, 1966
Materias:
Etiquetas: Agregar Etiqueta
Sin Etiquetas, Sea el primero en etiquetar este registro!

MARC

LEADER 00000nam a22000003a 4500
001 stu87385
005 20200821125402.5
008 040603s1966----cs------------------ger-d
040 |a STU  |b slo 
041 0 |a ger  |a slo 
044 |a cs 
080 |a 811.112.2 
100 1 |a Vaverková, Irena  |4 aut 
245 1 |a Nemčina pre 3. ročník jazykových škôl a pre kurzy 
260 |a Bratislava :  |b Slovenské pedagogické nakladateľstvo,  |c 1966 
300 |a 406 s 
650 7 |a nemčina  |2 stusub 
700 1 |a Kegel, Rudolf  |4 aut 
700 1 |a Beták, Rudolf  |4 aut 
996 |b 284J021504  |c J*8583  |l JJSK  |s A  |a 24  |w stu87385_0001 
996 |b 284J021503  |c J*8582  |l JJSK  |s A  |a 24  |w stu87385_0002